16 years of law making in the national assembly: An analysis of bills processed (Record no. 1435)
[ view plain ]
| 000 -LEADER | |
|---|---|
| fixed length control field | 00578nam a2200181Ia 4500 |
| 008 - FIXED-LENGTH DATA ELEMENTS--GENERAL INFORMATION | |
| fixed length control field | 240428s9999||||xx |||||||||||||| ||und|| |
| 020 ## - INTERNATIONAL STANDARD BOOK NUMBER | |
| International Standard Book Number | 9789789081257 |
| 041 ## - LANGUAGE CODE | |
| Language code of text/sound track or separate title | eng |
| 082 ## - DEWEY DECIMAL CLASSIFICATION NUMBER | |
| Classification number | 328.37 |
| 100 ## - MAIN ENTRY--PERSONAL NAME | |
| Personal name | Dan-Azumi Jake. - Gbahabo Terfa |
| 245 #0 - TITLE STATEMENT | |
| Title | 16 years of law making in the national assembly: An analysis of bills processed |
| 250 ## - EDITION STATEMENT | |
| Edition statement | 4th |
| 260 ## - PUBLICATION, DISTRIBUTION, ETC. | |
| Name of publisher, distributor, etc. | National Insitute for Legislative Studies National Assemby |
| Place of publication, distribution, etc. | Abuja |
| Date of publication, distribution, etc. | 2011 |
| 300 ## - PHYSICAL DESCRIPTION | |
| Extent | viii, 253p, tabs, illus |
| 650 ## - SUBJECT ADDED ENTRY--TOPICAL TERM | |
| Topical term or geographic name entry element | Analysis of bills- Nigeria. - Bill Making- Nigeria |
| 942 ## - ADDED ENTRY ELEMENTS (KOHA) | |
| Koha item type | Books |
| Withdrawn status | Lost status | Damaged status | Not for loan | Home library | Current library | Shelving location | Date acquired | Total checkouts | Full call number | Date last seen | Copy number | Price effective from | Koha item type |
|---|---|---|---|---|---|---|---|---|---|---|---|---|---|
| Main Library | Main Library | Open Shelves | 15/07/2022 | 328.37 1734 | 29/04/2024 | 1 | 29/04/2024 | Books |